[Event "Sabadell Coral Colon op 12th"]
[Site "Sabadell"]
[Date "2018.04.06"]
[Round "8"]
[White "Martinez Arca, Manuel"]
[Black "Pascual Bonfill, Albert"]
[Result "1-0"]
[WhiteElo "1839"]
[BlackElo "1661"]
[PlyCount "57"]
[EventDate "2018.02.09"]
[EventType "swiss"]
[EventRounds "9"]
[EventCountry "ESP"]
[SourceTitle "EXT 2019"]
[Source "ChessBase"]
[SourceDate "2018.10.10"]
[SourceVersion "1"]
[SourceVersionDate "2018.10.10"]
[SourceQuality "1"]

1. e4 c5 2. Nf3 Nc6 3. d4 cxd4 4. Nxd4 Qb6 5. Nb5 a6 6. Be3 Qa5+ 7. N5c3 e6 8. Nd2 Bb4 9. Nc4 Bxc3+ 10. bxc3 Qxc3+ 11. Bd2 Qd4 12. Bd3 b5 13. Ne3 Ne5 14. 0-0 Nxd3 15. cxd3 Qxd3 16. Qg4 Ne7 17. Bb4 h5 18. Qg5 Ng6 19. Nf5 d5 20. Nd6+ Kd7 21. Nxf7 Qxe4 22. Nxh8 Bb7 23. Nxg6 Qxb4 24. Ne5+ Kc7 25. Rac1+ Kb6 26. Qxg7 Qd6 27. Nd7+ Ka5 28. Qc3+ b4 29. Qc5+ 1-0

[Event "Sabadell Coral Colon op 12th"]
[Site "Sabadell"]
[Date "2018.03.16"]
[Round "6"]
[White "Martinez Arca, Manuel"]
[Black "Gonzalez Danilow, Aleynovitch"]
[Result "0-1"]
[WhiteElo "1839"]
[BlackElo "1855"]
[PlyCount "56"]
[EventDate "2018.02.09"]
[EventType "swiss"]
[EventRounds "9"]
[EventCountry "ESP"]
[SourceTitle "EXT 2019"]
[Source "ChessBase"]
[SourceDate "2018.10.10"]
[SourceVersion "1"]
[SourceVersionDate "2018.10.10"]
[SourceQuality "1"]

1. Nf3 d5 2. g3 c5 3. Bg2 Nc6 4. 0-0 e5 5. d3 Bg4 6. Nc3 Nf6 7. h3 Bh5 8. Bg5 Be7 9. Bxf6 Bxf6 10. e4 d4 11. Ne2 0-0 12. g4 Bg6 13. Nd2 h5 14. f4 hxg4 15. hxg4 exf4 16. Nxf4 Ne5 17. Qe2 Bg5 18. Nxg6 Be3+ 19. Kh2 Nxg6 20. Nf3 Qd6+ 21. Kh1 Kh7 22. Nh2 Rh8 23. Rf5 Nf4 24. Qf3 Kg8 25. Qg3 Qh6 26. Rf1 Ne2 27. Qc7 Qxh2+ 28. Qxh2 Ng3# 0-1

[Event "Sabadell Coral Colon op 12th"]
[Site "Sabadell"]
[Date "2018.02.16"]
[Round "2"]
[White "Martinez Arca, Manuel"]
[Black "Bazan Ramos, Antoni"]
[Result "1-0"]
[WhiteElo "1839"]
[BlackElo "1506"]
[PlyCount "41"]
[EventDate "2018.02.09"]
[EventType "swiss"]
[EventRounds "9"]
[EventCountry "ESP"]
[SourceTitle "EXT 2019"]
[Source "ChessBase"]
[SourceDate "2018.10.10"]
[SourceVersion "1"]
[SourceVersionDate "2018.10.10"]
[SourceQuality "1"]

1. e4 e6 2. d3 d5 3. Nd2 Bb4 4. c3 Ba5 5. g3 Ne7 6. Bg2 Ng6 7. Ngf3 dxe4 8. Nxe4 c6 9. 0-0 0-0 10. h4 h6 11. Be3 Bc7 12. Qd2 Nd7 13. Bxh6 Nde5 14. Nxe5 Nxe5 15. Bf4 Qxd3 16. Qxd3 Nxd3 17. Bxc7 Nxb2 18. Rab1 Nc4 19. Rfd1 b6 20. Nd6 Nxd6 21. Bxd6 1-0

[Event "Sabadell Coral Colon op 12th"]
[Site "Sabadell"]
[Date "2018.02.09"]
[Round "1"]
[White "Salinas Tomas, Daniel"]
[Black "Martinez Arca, Manuel"]
[Result "1/2-1/2"]
[WhiteElo "1524"]
[BlackElo "1839"]
[PlyCount "62"]
[EventDate "2018.02.09"]
[EventType "swiss"]
[EventRounds "9"]
[EventCountry "ESP"]
[SourceTitle "EXT 2019"]
[Source "ChessBase"]
[SourceDate "2018.10.10"]
[SourceVersion "1"]
[SourceVersionDate "2018.10.10"]
[SourceQuality "1"]

1. e4 g6 2. d4 Bg7 3. Nc3 c6 4. Be3 d5 5. e5 Nh6 6. f4 0-0 7. Be2 f6 8. h3 fxe5 9. fxe5 Nf5 10. Bf2 c5 11. dxc5 d4 12. Bc4+ e6 13. Nce2 Qa5+ 14. c3 Qxc5 15. Qb3 Qxe5 16. Nf3 Qf6 17. Nexd4 Nc6 18. Nxc6 bxc6 19. 0-0 Nd6 20. Bh4 Qf4 21. Bxe6+ Kh8 22. Rae1 Ba6 23. g3 Qh6 24. Bg5 Qh5 25. Bg4 Rxf3 26. Bxh5 Rxg3+ 27. Kh2 Rxg5 28. Be2 Ne4 29. Bxa6 Be5+ 30. Kh1 Ng3+ 31. Kg2 Ne4+ 1/2-1/2

[Event "Sabadell Coral Colon op 10th"]
[Site "Sabadell"]
[Date "2016.03.11"]
[Round "8"]
[White "Sierra Casado, Manuel"]
[Black "Martinez Arca, Manuel"]
[Result "0-1"]
[WhiteElo "1903"]
[BlackElo "1820"]
[PlyCount "43"]
[EventDate "2016.01.22"]
[EventType "swiss"]
[EventRounds "9"]
[EventCountry "ESP"]
[SourceTitle "EXT 2017"]
[Source "ChessBase"]
[SourceDate "2016.10.25"]
[SourceVersion "1"]
[SourceVersionDate "2016.10.25"]
[SourceQuality "1"]

1. d4 Nf6 2. c4 g6 3. Bf4 Bg7 4. Nf3 0-0 5. e3 c5 6. Nc3 cxd4 7. Nxd4 d6 8. Bg3 Nbd7 9. Be2 Nc5 10. 0-0 a6 11. Qc2 e5 12. Nb3 Bf5 13. Qd1 Nce4 14. Nxe4 Nxe4 15. Bg4 Bxg4 16. Qxg4 f5 17. Qe2 Qd7 18. f3 Nxg3 19. hxg3 Qe6 20. Kf2 f4 21. gxf4 exf4 22. e4 0-1

[Event "Sabadell Coral Colon op 10th"]
[Site "Sabadell"]
[Date "2016.02.19"]
[Round "5"]
[White "Cecilia Aguado, Francesc"]
[Black "Martinez Arca, Manuel"]
[Result "0-1"]
[WhiteElo "1803"]
[BlackElo "1820"]
[PlyCount "62"]
[EventDate "2016.01.22"]
[EventType "swiss"]
[EventRounds "9"]
[EventCountry "ESP"]
[SourceTitle "EXT 2017"]
[Source "ChessBase"]
[SourceDate "2016.10.25"]
[SourceVersion "1"]
[SourceVersionDate "2016.10.25"]
[SourceQuality "1"]

1. e4 g6 2. Bc4 Bg7 3. Nf3 d6 4. c3 Nf6 5. d3 0-0 6. Be3 Nc6 7. a3 Bg4 8. Nbd2 Ne5 9. Bb3 Nxd3+ 10. Kf1 Ne5 11. h3 Bxf3 12. gxf3 Qd7 13. f4 Nc6 14. Qf3 e5 15. f5 gxf5 16. exf5 Ne7 17. Rg1 Qxf5 18. Qg2 Ng6 19. Nf3 Nh5 20. Rd1 Nhf4 21. Bxf4 exf4 22. a4 Rad8 23. h4 Qf6 24. h5 Ne5 25. Nh4 Kh8 26. Bc2 f3 27. Qh3 Rg8 28. Nf5 Bh6 29. Rxg8+ Rxg8 30. Ng3 Bf4 31. Ne4 Qg7 0-1

[Event "Cerdanyola del Valles Regional-ch"]
[Site "Cerdanyola del Valles"]
[Date "2015.??.??"]
[Round "3"]
[White "Martinez Arca, Manuel"]
[Black "Oset Teixidor, Guerau"]
[Result "1/2-1/2"]
[WhiteElo "1988"]
[BlackElo "2165"]
[PlyCount "72"]
[EventDate "2015.10.03"]
[EventType "swiss"]
[EventRounds "8"]
[EventCountry "ESP"]
[SourceTitle "CBM 169 Extra"]
[Source "ChessBase"]
[SourceDate "2015.12.18"]
[SourceVersion "1"]
[SourceVersionDate "2015.12.18"]
[SourceQuality "1"]

1. e4 Nf6 2. e5 Nd5 3. c4 Nb6 4. d4 d6 5. f4 dxe5 6. fxe5 Nc6 7. Nf3 Bg4 8. e6 fxe6 9. c5 Nd5 10. Bb5 Ndb4 11. 0-0 Qd7 12. a3 Nd5 13. Qa4 Bxf3 14. Rxf3 g6 15. Bd2 Bg7 16. Bc3 Nf6 17. Nd2 0-0 18. Re1 Nd5 19. Bxc6 bxc6 20. Qc2 Nxc3 21. bxc3 Rf5 22. Qe4 Kf7 23. Nc4 Qd5 24. Rxf5+ gxf5 25. Qe2 Rg8 26. Ne3 Qb3 27. Nxf5 Qd5 28. Qh5+ Kf8 29. Nxg7 Kxg7 30. Re5 Qb3 31. Rg5+ Kh8 32. Rxg8+ Kxg8 33. Qe8+ Kg7 34. Qxe7+ Kg6 35. Qxc7 Qd1+ 36. Kf2 Qd2+ 1/2-1/2

[Event "Cerdanyola del Valles Regional-ch"]
[Site "Cerdanyola del Valles"]
[Date "2015.??.??"]
[Round "2"]
[White "Porras Mateo, Felipe"]
[Black "Martinez Arca, Manuel"]
[Result "1-0"]
[WhiteElo "2448"]
[BlackElo "1988"]
[PlyCount "65"]
[EventDate "2015.10.03"]
[EventType "swiss"]
[EventRounds "8"]
[EventCountry "ESP"]
[SourceTitle "CBM 169 Extra"]
[Source "ChessBase"]
[SourceDate "2015.12.18"]
[SourceVersion "1"]
[SourceVersionDate "2015.12.18"]
[SourceQuality "1"]

1. c4 e5 2. Nc3 Nf6 3. Nf3 Nc6 4. g3 Bc5 5. Bg2 d6 6. 0-0 0-0 7. d3 Bg4 8. h3 Bh5 9. g4 Bg6 10. Bg5 Qd7 11. e4 Nd4 12. Nxd4 Bxd4 13. Ne2 Bb6 14. Ng3 c6 15. Kh1 Rad8 16. Qd2 Qe6 17. f4 exf4 18. Qxf4 Bd4 19. Nf5 Bxb2 20. Rab1 Be5 21. Qf2 c5 22. Rxb7 Rb8 23. Rfb1 Nd7 24. Ne7+ Kh8 25. Nc6 Rxb7 26. Rxb7 Ra8 27. Rxa7 Rxa7 28. Nxa7 Bd4 29. Be3 Bxe3 30. Qxe3 f5 31. gxf5 Bxf5 32. Nb5 Nf6 33. Qf4 1-0

[Event "Barcelona Barri Gotic op 3rd"]
[Site "Barcelona"]
[Date "2014.04.07"]
[Round "1"]
[White "Fernandez Madrid, Carlos"]
[Black "Martinez Arca, Manuel"]
[Result "1/2-1/2"]
[WhiteElo "2281"]
[BlackElo "2005"]
[PlyCount "64"]
[EventDate "2014.04.07"]
[EventType "swiss"]
[EventRounds "8"]
[EventCountry "ESP"]
[SourceTitle "CBM 160 Extra"]
[Source "ChessBase"]
[SourceDate "2014.07.01"]
[SourceVersion "1"]
[SourceVersionDate "2014.07.01"]
[SourceQuality "1"]

1. c4 c5 2. Nf3 g6 3. g3 Bg7 4. Bg2 Nf6 5. 0-0 0-0 6. d4 cxd4 7. Nxd4 Nc6 8. Nc3 Nxd4 9. Qxd4 d6 10. Qd2 Be6 11. b3 Qd7 12. Bb2 Bh3 13. Rab1 Bxg2 14. Kxg2 Rfd8 15. e4 a6 16. a4 Rac8 17. Rfe1 e6 18. Rbd1 Qc6 19. Kg1 Rd7 20. Qe2 Qb6 21. Rd3 Rcd8 22. Red1 Qc5 23. Nb1 Qg5 24. Bc1 Qe5 25. Nc3 Qc5 26. Be3 Qc6 27. Bg5 h6 28. Bxf6 Bxf6 29. Na2 Bg7 30. Qf3 Kh7 31. c5 dxc5 32. Rxd7 Rxd7 1/2-1/2

[Event "Roncana op-A 7th"]
[Site "Santa Eulalia de Roncana"]
[Date "2013.10.12"]
[Round "2"]
[White "Castaneda Munoz, Antonio"]
[Black "Martinez Arca, Manuel"]
[Result "0-1"]
[WhiteElo "1695"]
[BlackElo "1829"]
[PlyCount "79"]
[EventDate "2013.10.05"]
[EventType "swiss"]
[EventRounds "8"]
[EventCountry "ESP"]
[SourceTitle "CBM 157 Extra"]
[Source "ChessBase"]
[SourceDate "2013.12.19"]
[SourceVersion "1"]
[SourceVersionDate "2013.12.19"]
[SourceQuality "1"]

1. d4 Nf6 2. Bg5 Ne4 3. Bf4 c5 4. f3 Qa5+ 5. c3 Nf6 6. d5 d6 7. e4 g6 8. Nd2 Bg7 9. Nc4 Qd8 10. Bd3 b5 11. Ne3 c4 12. Bc2 0-0 13. Ne2 Bd7 14. a4 Qb6 15. Qd2 Na6 16. axb5 Bxb5 17. Nd4 Nc5 18. 0-0 a6 19. Kh1 Rfc8 20. Ng4 Nxg4 21. fxg4 e5 22. dxe6 fxe6 23. Bh6 e5 24. Bxg7 Kxg7 25. Nf3 Rf8 26. Ng5 h6 27. Nf3 Rad8 28. g5 h5 29. Qe3 Qb7 30. Nxe5 Rde8 31. Rxf8 Rxf8 32. Qd4 dxe5 33. Qxe5+ Kh7 34. Qxc5 Qf7 35. e5 Bc6 36. h3 Bxg2+ 37. Kg1 Bxh3 38. e6 Qf3 39. Qc7+ Kg8 40. Qh2 0-1

[Event "Terrassa Barad op"]
[Site "Terrassa"]
[Date "2013.??.??"]
[Round "1"]
[White "Martinez Arca, Manuel"]
[Black "Pascual Bonfill, Albert"]
[Result "1/2-1/2"]
[WhiteElo "1829"]
[BlackElo "1498"]
[PlyCount "117"]
[EventDate "2013.10.18"]
[EventType "swiss"]
[EventRounds "8"]
[EventCountry "ESP"]
[SourceTitle "EXT 2015"]
[Source "ChessBase"]
[SourceDate "2014.11.20"]
[SourceVersion "1"]
[SourceVersionDate "2014.11.20"]
[SourceQuality "1"]

1. e4 c5 2. Nf3 Nc6 3. d4 cxd4 4. Nxd4 Qb6 5. Nb3 Nf6 6. Nc3 e6 7. Be3 Qc7 8. Nb5 Qe5 9. f3 a6 10. N5d4 Bb4+ 11. c3 Be7 12. Qd2 d5 13. Bf4 Qh5 14. Be2 e5 15. Nxc6 bxc6 16. Bg3 Bd6 17. exd5 cxd5 18. 0-0 0-0 19. f4 Bg4 20. Bxg4 Nxg4 21. fxe5 Nxe5 22. Rae1 Nc4 23. Qf2 Bxg3 24. Qxg3 Nxb2 25. Re5 Qg6 26. Rg5 Qh6 27. Nd4 f6 28. Rxd5 Rfe8 29. Rd7 Qe3+ 30. Qxe3 Rxe3 31. Nf5 Rxc3 32. Rxg7+ Kh8 33. Rb1 Nd3 34. g3 Rc1+ 35. Rxc1 Nxc1 36. a3 Ne2+ 37. Kf2 Nd4 38. Rxh7+ Kxh7 39. Nxd4 Rb8 40. Ke3 Kg6 41. h4 Rb2 42. Kd3 Ra2 43. Nc2 Rb2 44. Kc3 Rb1 45. g4 Rg1 46. Ne3 Rg3 47. Kd4 Rh3 48. h5+ Kg5 49. a4 Kf4 50. Nd5+ Kxg4 51. Nxf6+ Kf5 52. Ne8 Rh4+ 53. Kc5 Rxa4 54. Kb6 a5 55. Kb5 Ra1 56. Nd6+ Kg5 57. Nc4 a4 58. Kb4 Kxh5 59. Na3 1/2-1/2

[Event "Terrassa Barad op"]
[Site "Terrassa"]
[Date "2013.??.??"]
[Round "6"]
[White "Martinez Arca, Manuel"]
[Black "Ramon Serrano, Francisco Javier"]
[Result "0-1"]
[WhiteElo "1829"]
[BlackElo "2032"]
[PlyCount "62"]
[EventDate "2013.10.18"]
[EventType "swiss"]
[EventRounds "8"]
[EventCountry "ESP"]
[SourceTitle "EXT 2015"]
[Source "ChessBase"]
[SourceDate "2014.11.20"]
[SourceVersion "1"]
[SourceVersionDate "2014.11.20"]
[SourceQuality "1"]

1. e4 d5 2. exd5 Nf6 3. c4 e6 4. d4 exd5 5. Nc3 Be7 6. Nf3 c6 7. Be2 0-0 8. 0-0 dxc4 9. Bxc4 Bg4 10. Be3 Nbd7 11. h3 Bh5 12. Ne2 Bxf3 13. gxf3 Nb6 14. Bd3 Qd7 15. Kg2 Nbd5 16. Rh1 Bd6 17. Bg5 Nh5 18. Qd2 f6 19. Be3 Qc7 20. Bc4 Qf7 21. Bb3 Kh8 22. Rag1 f5 23. f4 Rae8 24. Kf1 Re7 25. Rg2 Rfe8 26. Rhg1 Qe6 27. Ke1 Qh6 28. Bxd5 cxd5 29. Rg5 Nxf4 30. Rxf5 Qxh3 31. Rg3 Qxf5 0-1

[Event "Cerdanyola del Valles op 30th"]
[Site "Cerdanyola del Valles"]
[Date "2012.10.27"]
[Round "4"]
[White "Corominas Garrido, Jordi"]
[Black "Martinez Arca, Manuel"]
[Result "1/2-1/2"]
[WhiteElo "1930"]
[BlackElo "1870"]
[PlyCount "76"]
[EventDate "2012.09.29"]
[EventType "swiss"]
[EventRounds "8"]
[EventCountry "ESP"]
[SourceTitle "EXT 2014"]
[Source "ChessBase"]
[SourceDate "2013.11.20"]
[SourceVersion "1"]
[SourceVersionDate "2013.11.20"]
[SourceQuality "1"]

1. c4 e5 2. Nc3 f5 3. g3 Nf6 4. Bg2 d6 5. e3 Nc6 6. Nge2 Be7 7. a3 0-0 8. b4 a6 9. Bb2 Be6 10. Nd5 Bxd5 11. cxd5 Na7 12. Rc1 Rc8 13. d4 Nd7 14. 0-0 Bf6 15. Qb3 Kh8 16. Bh3 g6 17. Rc2 Bg7 18. Rfc1 g5 19. dxe5 dxe5 20. Qd3 g4 21. Bg2 Nb5 22. a4 Nd6 23. b5 axb5 24. axb5 Rf7 25. Ba3 Nb6 26. Qb3 h5 27. Bc5 Na8 28. Bxd6 Qxd6 29. Qc4 Rf6 30. f4 gxf3 31. Bxf3 Rh6 32. Qc5 e4 33. Bg2 Be5 34. Qxd6 Rxd6 35. Rd1 Rcd8 36. Rcd2 Nb6 37. Bf1 Rxd5 38. Rxd5 Rxd5 1/2-1/2

[Event "Cerdanyola del Valles op 30th"]
[Site "Cerdanyola del Valles"]
[Date "2012.10.20"]
[Round "3"]
[White "Martinez Arca, Manuel"]
[Black "Mas Recorda, Pere"]
[Result "0-1"]
[WhiteElo "1870"]
[BlackElo "2023"]
[PlyCount "64"]
[EventDate "2012.09.29"]
[EventType "swiss"]
[EventRounds "8"]
[EventCountry "ESP"]
[SourceTitle "EXT 2014"]
[Source "ChessBase"]
[SourceDate "2013.11.20"]
[SourceVersion "1"]
[SourceVersionDate "2013.11.20"]
[SourceQuality "1"]

1. e4 e6 2. d3 d5 3. Nd2 dxe4 4. Nxe4 Nd7 5. Nf3 Ngf6 6. g3 Be7 7. Bg2 0-0 8. Be3 c5 9. Nfd2 Qc7 10. 0-0 Rb8 11. f4 Nd5 12. Qe2 N7f6 13. Kh1 Nxe3 14. Qxe3 b6 15. Qe2 Bb7 16. Rf2 Rbe8 17. Raf1 Nxe4 18. dxe4 e5 19. fxe5 Qxe5 20. Nc4 Qe6 21. e5 Bxg2+ 22. Kxg2 b5 23. Nd2 c4 24. Re1 Bc5 25. Rff1 f6 26. Nf3 fxe5 27. Qd1 Qc6 28. h4 e4 29. Nd4 Bxd4 30. Rxf8+ Rxf8 31. Qxd4 e3+ 32. Kg1 Rf2 0-1

[Event "Cerdanyola del Valles op 30th"]
[Site "Cerdanyola del Valles"]
[Date "2012.09.29"]
[Round "1"]
[White "Fernandez Diaz, Cristian"]
[Black "Martinez Arca, Manuel"]
[Result "1/2-1/2"]
[WhiteElo "2140"]
[BlackElo "1870"]
[PlyCount "46"]
[EventDate "2012.09.29"]
[EventType "swiss"]
[EventRounds "8"]
[EventCountry "ESP"]
[SourceTitle "EXT 2014"]
[Source "ChessBase"]
[SourceDate "2013.11.20"]
[SourceVersion "1"]
[SourceVersionDate "2013.11.20"]
[SourceQuality "1"]

1. d4 Nf6 2. c4 g6 3. Nc3 Bg7 4. e4 0-0 5. Nge2 d6 6. Ng3 Nbd7 7. Be2 e5 8. d5 Qe7 9. h4 h6 10. h5 g5 11. Nf5 Qd8 12. Be3 Nc5 13. Nxg7 Kxg7 14. f3 a5 15. Qd2 Nh7 16. 0-0-0 c6 17. g3 Bd7 18. f4 f6 19. Bf3 Qe8 20. Qe2 a4 21. Bg4 Qc8 22. Bxd7 Qxd7 23. Rdf1 Rac8 1/2-1/2

[Event "Sabadell Coral Colon op 6th"]
[Site "Sabadell"]
[Date "2012.04.04"]
[Round "9"]
[White "Martinez Arca, Manuel"]
[Black "Amores Gago, Javier"]
[Result "0-1"]
[WhiteElo "1843"]
[BlackElo "2093"]
[PlyCount "44"]
[EventDate "2012.02.10"]
[EventType "swiss"]
[EventRounds "9"]
[EventCountry "ESP"]
[SourceTitle "EXT 2014"]
[Source "ChessBase"]
[SourceDate "2013.11.20"]
[SourceVersion "1"]
[SourceVersionDate "2013.11.20"]
[SourceQuality "1"]

1. e4 d5 2. exd5 Qxd5 3. Nc3 Qa5 4. d4 Nf6 5. Nf3 Bg4 6. Be2 Nc6 7. 0-0 0-0-0 8. Ng5 Rxd4 9. Bxg4+ Nxg4 10. Qe2 Qf5 11. f4 e6 12. h3 Bc5 13. hxg4 Rxf4+ 14. Kh2 Qxg5 15. g3 Rxf1 16. Bxg5 Rf2+ 17. Qxf2 Bxf2 18. Rf1 Bd4 19. Rxf7 Ne5 20. Rf4 h6 21. Be7 Re8 22. Rxd4 Nf3+ 0-1

[Event "Sabadell Coral Colon op 6th"]
[Site "Sabadell"]
[Date "2012.03.23"]
[Round "7"]
[White "Fernandez Aguilar, Francisco"]
[Black "Martinez Arca, Manuel"]
[Result "1/2-1/2"]
[WhiteElo "1947"]
[BlackElo "1843"]
[PlyCount "55"]
[EventDate "2012.02.10"]
[EventType "swiss"]
[EventRounds "9"]
[EventCountry "ESP"]
[SourceTitle "EXT 2014"]
[Source "ChessBase"]
[SourceDate "2013.11.20"]
[SourceVersion "1"]
[SourceVersionDate "2013.11.20"]
[SourceQuality "1"]

1. e4 c5 2. Nf3 e6 3. d4 cxd4 4. Nxd4 Nc6 5. Nb5 d6 6. c4 a6 7. N5c3 Nge7 8. Be2 Ng6 9. Be3 Be7 10. 0-0 0-0 11. Na4 Rb8 12. Nb6 Bg5 13. Qd2 Bxe3 14. Qxe3 e5 15. Nd5 Nd4 16. Bd3 f5 17. exf5 Bxf5 18. Bxf5 Rxf5 19. Nbc3 Qh4 20. Qg3 Nf3+ 21. Kh1 Qh5 22. Ne3 Rf7 23. gxf3 Rf4 24. Ncd5 Rh4 25. Rg1 Rf8 26. Ne7+ Kh8 27. Nxg6+ hxg6 28. Rg2 1/2-1/2

[Event "Sabadell Coral Colon op 6th"]
[Site "Sabadell"]
[Date "2012.03.16"]
[Round "6"]
[White "Martinez Arca, Manuel"]
[Black "Montllor Aguilera, Francisco"]
[Result "1-0"]
[WhiteElo "1843"]
[BlackElo "1657"]
[PlyCount "54"]
[EventDate "2012.02.10"]
[EventType "swiss"]
[EventRounds "9"]
[EventCountry "ESP"]
[SourceTitle "EXT 2014"]
[Source "ChessBase"]
[SourceDate "2013.11.20"]
[SourceVersion "1"]
[SourceVersionDate "2013.11.20"]
[SourceQuality "1"]

1. e4 e6 2. d3 d5 3. Nd2 dxe4 4. Nxe4 Nf6 5. Bg5 Be7 6. Bxf6 Bxf6 7. c3 Be7 8. Qc2 b6 9. 0-0-0 Bd7 10. Nf3 Nc6 11. d4 Qc8 12. Bd3 h6 13. h4 Qb7 14. Qe2 a5 15. g4 a4 16. g5 a3 17. b3 Na5 18. Kb1 b5 19. Ne5 c6 20. b4 Nc4 21. Bxc4 bxc4 22. Qxc4 Ra4 23. Nc5 Bxc5 24. dxc5 Bc8 25. Rd6 Ra6 26. Rhd1 0-0 27. gxh6 g6 1-0

[Event "Sabadell Coral Colon op 5th"]
[Site "Sabadell"]
[Date "2011.03.25"]
[Round "8"]
[White "Santamaria Fernandez, Gregorio"]
[Black "Martinez Arca, Manuel"]
[Result "1/2-1/2"]
[WhiteElo "1824"]
[BlackElo "1908"]
[PlyCount "47"]
[EventDate "2011.02.04"]
[EventType "swiss"]
[EventRounds "9"]
[EventCountry "ESP"]
[SourceTitle "EXT 2013"]
[Source "ChessBase"]
[SourceDate "2012.11.22"]
[SourceVersion "1"]
[SourceVersionDate "2012.11.22"]
[SourceQuality "1"]

1. e4 c5 2. Nc3 g6 3. f4 Bg7 4. Nf3 d6 5. Bc4 Nf6 6. 0-0 Nc6 7. d3 0-0 8. f5 Kh8 9. Ng5 Ne5 10. Bb3 h6 11. Nh3 g5 12. Bxg5 hxg5 13. Nxg5 c4 14. Qe1 cxb3 15. Qh4+ Kg8 16. Nd5 Neg4 17. Rf3 Nh6 18. Rg3 Nxd5 19. Ne6 fxe6 20. Rxg7+ Kxg7 21. Qg5+ Kh7 22. Qg6+ Kh8 23. Qxh6+ Kg8 24. Qg6+ 1/2-1/2

[Event "Sabadell Coral Colon op 5th"]
[Site "Sabadell"]
[Date "2011.02.25"]
[Round "4"]
[White "Farre Liarte, Francesc"]
[Black "Martinez Arca, Manuel"]
[Result "0-1"]
[WhiteElo "1701"]
[BlackElo "1908"]
[PlyCount "84"]
[EventDate "2011.02.04"]
[EventType "swiss"]
[EventRounds "9"]
[EventCountry "ESP"]
[SourceTitle "EXT 2013"]
[Source "ChessBase"]
[SourceDate "2012.11.22"]
[SourceVersion "1"]
[SourceVersionDate "2012.11.22"]
[SourceQuality "1"]

1. e4 d6 2. Nf3 Nf6 3. Nc3 g6 4. d4 Bg7 5. h3 0-0 6. Be3 c6 7. Bd3 Qc7 8. Qd2 Re8 9. 0-0-0 Nbd7 10. Bh6 Bh8 11. Rdg1 e5 12. g4 exd4 13. Nxd4 Nc5 14. Nf5 Bxf5 15. exf5 Nfe4 16. Nxe4 Nxe4 17. Bxe4 Rxe4 18. fxg6 fxg6 19. Re1 Rae8 20. Rxe4 Rxe4 21. Qd3 Qe7 22. Be3 d5 23. c3 b5 24. Rd1 Rc4 25. Bd2 b4 26. Re1 Qf8 27. f3 bxc3 28. Bxc3 Bxc3 29. bxc3 Qa3+ 30. Kd2 Qxa2+ 31. Ke3 Qb3 32. Kf2 Qxc3 33. Qxc3 Rxc3 34. Ra1 d4 35. Rxa7 Rc2+ 36. Kg3 d3 37. Kf4 c5 38. Ke5 Re2+ 39. Kf6 Re8 40. Rd7 c4 41. Rd4 Rc8 42. f4 c3 0-1

[Event "Sabadell Coral Colon op 5th"]
[Site "Sabadell"]
[Date "2011.02.04"]
[Round "1"]
[White "Castaneda Munoz, Antonio"]
[Black "Martinez Arca, Manuel"]
[Result "0-1"]
[WhiteElo "1561"]
[BlackElo "1908"]
[PlyCount "104"]
[EventDate "2011.02.04"]
[EventType "swiss"]
[EventRounds "9"]
[EventCountry "ESP"]
[SourceTitle "EXT 2013"]
[Source "ChessBase"]
[SourceDate "2012.11.22"]
[SourceVersion "1"]
[SourceVersionDate "2012.11.22"]
[SourceQuality "1"]

1. d4 Nf6 2. Bg5 c5 3. Bxf6 gxf6 4. e3 Qb6 5. Nc3 cxd4 6. Qxd4 Qa5 7. b4 Qd8 8. Bc4 Nc6 9. Qh4 e6 10. a3 Bg7 11. Nb5 d5 12. Rd1 Ne5 13. Ba2 a6 14. Nd4 Qc7 15. Nge2 Bd7 16. 0-0 0-0 17. Bb1 Rad8 18. c4 Ng6 19. Bxg6 fxg6 20. c5 e5 21. Nb3 Be6 22. Nd2 f5 23. f4 d4 24. Nf3 d3 25. Nc1 Bf6 26. Qe1 e4 27. Nd4 Bxd4 28. exd4 Rxd4 29. Nxd3 Bc4 30. Nb2 Rxd1 31. Qxd1 Bxf1 32. Qxf1 Qd7 33. Qc4+ Qf7 34. Qd4 Re8 35. Nc4 Qe7 36. Qd5+ Qe6 37. Qd4 h5 38. Ne5 Kh7 39. h3 Qe7 40. Qd5 Rd8 41. Qb3 g5 42. Nf7 Rd3 43. Nxg5+ Qxg5 44. Qf7+ Qg7 45. Qxf5+ Qg6 46. Qe5 Rd2 47. Qe7+ Kh6 48. g4 Rd5 49. Qf8+ Qg7 50. g5+ Kh7 51. Qe8 Qa1+ 52. Kg2 Qb2+ 0-1

[Event "Cerdanyola del Valles op 28th"]
[Site "Cerdanyola del Valles"]
[Date "2010.10.23"]
[Round "4"]
[White "Martinez Arca, Manuel"]
[Black "Penalver Guardia, Josep"]
[Result "1-0"]
[WhiteElo "1897"]
[BlackElo "1765"]
[PlyCount "109"]
[EventDate "2010.10.02"]
[EventType "swiss"]
[EventRounds "7"]
[EventCountry "ESP"]
[SourceTitle "EXT 2012"]
[Source "ChessBase"]
[SourceDate "2011.11.24"]
[SourceVersion "1"]
[SourceVersionDate "2011.11.24"]
[SourceQuality "1"]

1. e4 e6 2. d3 d5 3. Nd2 Be7 4. g3 c5 5. Bg2 Nc6 6. Ngf3 Nf6 7. 0-0 Qc7 8. Re1 Bd7 9. Nf1 d4 10. e5 Nd5 11. N1d2 h6 12. a4 Ncb4 13. Nc4 Bc6 14. a5 b5 15. axb6 axb6 16. Rxa8+ Bxa8 17. Nfd2 b5 18. Na3 Bc6 19. Qg4 0-0 20. Nb3 Kh7 21. Be4+ g6 22. Qh3 h5 23. Qxh5+ Kg8 24. Bxg6 fxg6 25. Qxg6+ Kh8 26. Re4 Ne3 27. Qh6+ Kg8 28. Qxe6+ Kh8 29. fxe3 Bxe4 30. dxe4 Bg5 31. Qh3+ Qh7 32. Qxh7+ Kxh7 33. exd4 Bxc1 34. Nxc1 cxd4 35. Kg2 Rb8 36. Nd3 Nxd3 37. cxd3 Kg7 38. Kf2 Kf7 39. h4 Ke6 40. g4 Kxe5 41. h5 Rf8+ 42. Kg3 Rf1 43. Nxb5 Rd1 44. h6 Rxd3+ 45. Kh4 Kf6 46. g5+ Kg6 47. e5 Re3 48. Na3 Rxe5 49. Kg3 Rxg5+ 50. Kf3 Re5 51. Nc4 Re6 52. b4 Kxh6 53. b5 Kg5 54. b6 Kf5 55. b7 1-0